Stolice polski i granic w 20 sekund - Statystyki

Ogólne statystyki
  • Ten quiz został rozwiązany 377 razy
  • Średni wynik to 4 z 8
Statystyki odpowiedzi
Państwo Stolica % Poprawnych
Polska Warszawa
99%
Rosja Moskwa
90%
Litwa Wilno
69%
Białoruś Mińsk
59%
Ukraina Kijów
51%
Czechy Praga
41%
Słowacja Bratysława
22%
Niemcy Berlin
14%
Nie znaleziono quizów pasujących do podanych kryteriów
Rozkład punktacji
Procent ludzi z każdym wynikiem
Percentyl według liczby udzielonych odpowiedzi
Twoja historia wyników
Nie rozwiązałeś tego quizu